MARC details
| 000 -LEADER |
| fixed length control field |
01019cab a2200205 4500 |
| 001 - CONTROL NUMBER |
| control field |
ABS37919 |
| 005 - DATE AND TIME OF LATEST TRANSACTION |
| control field |
20260306093134.0 |
| 008 - FIXED-LENGTH DATA ELEMENTS--GENERAL INFORMATION |
| fixed length control field |
090401t1987 xxk| |||| 00| 0 eng eng d |
| 035 ## - SYSTEM CONTROL NUMBER |
| System control number |
(Sirsi) u7619 |
| 041 ## - LANGUAGE CODE |
| Language code of text/sound track or separate title |
eng |
| 245 ## - TITLE STATEMENT |
| Title |
Bricks |
| 260 ## - PUBLICATION, DISTRIBUTION, ETC. |
| Date of publication, distribution, etc. |
Supplement 31 July 1987(50) |
| 350 ## - PRICE (NR) (BK AM CF MU VM SE) [OBSOLETE] |
| Price |
0 |
| 490 ## - SERIES STATEMENT |
| Series statement |
Building |
| Volume/sequential designation |
Supplement 31 July 1987(50) |
| 520 ## - SUMMARY, ETC. |
| Summary, etc. |
Begins with a brief review of the use of bricks in construction since the 19th century. continues with a report on the variety of colours available by looking at two new housing projects in London. Explores the possibilities of decorative brickwork and mass brickwork design. Considers the choice of coloured mortars referring to relevant British Standards , and includes a section on the use of bricks in historic buildings. Takes a brief look at the market for hand-made bricks and concludes with a product review. (Loan). |
| 650 ## - SUBJECT ADDED ENTRY--TOPICAL TERM |
| Topical term or geographic name entry element |
HAMPTON COURT |
| 690 ## - LOCAL SUBJECT ADDED ENTRY--TOPICAL TERM (OCLC, RLIN) |
| Topical term or geographic name as entry element |
BUILT ENVIRONMENT-BUILDING MATERIALS |
| 942 ## - ADDED ENTRY ELEMENTS (KOHA) |
| Suppress in OPAC |
0 |
| Source of classification or shelving scheme |
Dewey Decimal Classification |
| 948 ## - LOCAL PROCESSING INFORMATION (OCLC); SERIES PART DESIGNATOR (RLIN) |
| c (OCLC) |
04/03/1997 |